| 000 | 00864cam a22002897a 4500 | ||
|---|---|---|---|
| 001 | 112083 | ||
| 003 | OSt | ||
| 005 | 20240102164427.0 | ||
| 008 | 970110s1994 ke ab 000 0 orm | ||
| 010 | _a 96982618 | ||
| 020 | _a9789966480156 | ||
| 040 |
_aDLC _cDLC _dDLC |
||
| 042 | _alcode | ||
| 050 | 0 | 0 |
_aBS 325 _b.B77 1994 |
| 130 | 0 |
_aBible. _lBoran. _f1994. _955793 |
|
| 245 | 1 | 0 |
_aKitaaba Waaqa : _bka afaani Boranatini t'aafani. |
| 260 |
_aNairobi : _bBible Society of Kenya, _cc1994. |
||
| 300 |
_a833, 271, 3 p. : _bill., maps ; _c22 cm. |
||
| 500 | _a[Africana] | ||
| 546 | _aIn Boran. | ||
| 630 |
_aBible. _lBorana. _933517 |
||
| 650 |
_aBorana language _vTexts. _955794 |
||
| 710 |
_aBible Society of Kenya _955779 |
||
| 906 |
_a7 _bcbc _corigode _d3 _encip _f19 _gy-gencatlg |
||
| 942 |
_2lcc _cAFR(R) |
||
| 999 |
_c67807 _d67781 |
||